| 000 | 00486nam a2200133Ia 4500 | ||
|---|---|---|---|
| 008 | 200916s9999 xx 000 0 und d | ||
| 020 | _a978-971-9654-18-6 | ||
| 100 | _aCamilar-Serrano, Angelita O. | ||
| 245 |
_cAngelita Ong Camilar-Serrano.-- _aStrategic operation management / |
||
| 260 |
_aManila : _bUnlimited Books Library Services & Publishing Inc. _c2016 |
||
| 300 |
_ax , 298 pages : _billustrations ; _c25 cm. |
||
| 650 | _aOrganizational behavior | ||
| 650 | _aStrategic planning | ||
| 999 |
_c364261 _d364261 |
||